000 00513nam a2200169 i 4500
001 84594
003 ES-MaACL
005 20230906175038.0
007 t|
008 041123s1965 sp ||||1| spa d
100 1 _aJanick, Jules.
_966021
245 1 0 _aHorticultura científica e industrial /
_cJules Janick ; traducido por Horacio Marco Moll.
260 _aZaragoza :
_bAcribia,
_c[1965]
300 _a564 p. :
_bil. ;
_c24 cm.
700 1 _aMarco Moll, Horacio.
_976486
852 _aES-MaACL
_jC-28015
_bR.56949
999 _c84594
_d84594